Las antologías poéticas en el Ecuador entre 1980 y 2018 : referencias estéticas y literarias /

Bibliographic Details
Main Author: Verdugo Cárdenas, Jackelín (Author)
Format: Electronic eBook
Language:Spanish
Published: Cuenca, Ecuador : Universidad del Azuay, Casa Editora, [2025]
Series:Litterae (Cuenca, Ecuador). Ensayo.
Subjects:
Online Access:Digitalia Hispánica

MARC

LEADER 00000nam a2200000 i 4500
001 DIGUAZUAY0320
003 NyNyDIG
007 cr |||||||||||
008 260121s2025 ec ob 000 0 spa d
006 m o d
035 |a (OCoLC)1536988660 
040 |a DGITA  |b eng  |e rda  |e pn  |c DGITA 
020 |a 9789942577078  |q eBook 
020 |z 9789942577061 
043 |a s-ec--- 
050 1 4 |a PQ8210 ebook 
100 1 |a Verdugo Cárdenas, Jackelín,  |e author. 
245 1 4 |a Las antologías poéticas en el Ecuador entre 1980 y 2018 :  |b referencias estéticas y literarias /  |c Jackelin Verdugo Cárdenas. 
264 1 |a Cuenca, Ecuador :  |b Universidad del Azuay, Casa Editora,  |c [2025] 
300 |a 1 online resource. 
336 |a text  |b txt  |2 rdacontent 
337 |a computer  |b c  |2 rdamedia 
338 |a online resource  |b cr  |2 rdacarrier 
347 |a text file  |2 rdaft 
347 |b PDF 
490 1 |a Litterae. Ensayo 
504 |a Includes bibliographical references. 
588 0 |a Online resource; title from PDF title page (Digitalia, viewed January 21, 2026) 
650 0 |a Ecuadorian poetry  |x Collections. 
650 0 |a Ecuadorian poetry  |y 20th century  |x History and criticism. 
650 0 |a Ecuadorian poetry  |y 21st century  |x History and criticism. 
791 2 |a Digitalia (Firm),  |e distributor. 
793 0 |g Digitalia eBook Collection:  |a Universidad del Azuay 
776 0 8 |i Print version:  |a Verdugo Cárdenas, Jackelín.  |t Antologías poéticas en el Ecuador entre 1980 y 2018.  |d Cuenca, Ecuador : Universidad del Azuay, Casa Editora, [2025]  |z 9789942577061 
830 0 |a Litterae (Cuenca, Ecuador).  |p Ensayo. 
856 4 0 |3 Digitalia Hispánica  |u https://www.digitaliapublishing.com/a/180884/ 
910 |a Premium collection: 2026